header

Counselling for post-traumatic stress disorder (Record no. 129614)

MARC details
000 -LEADER
fixed length control field 01398nam a2200337 a 4500
082 04 - DEWEY DECIMAL CLASSIFICATION NUMBER
Classification number 616.85/21
100 1# - MAIN ENTRY--AUTHOR NAME
Personal name Scott, Michael J.,
245 10 - TITLE STATEMENT
Title Counselling for post-traumatic stress disorder
260 ## - PUBLICATION, DISTRIBUTION, ETC. (IMPRINT)
Place of publication London ;
-- Thousand Oaks, Calif. :
Name of publisher SAGE Publications,
Year of publication 2006.
300 ## - PHYSICAL DESCRIPTION
Number of Pages 158 p. :
Other physical details ill.
490 1# - SERIES STATEMENT
Series statement Counselling in practice
650 #0 - SUBJECT ADDED ENTRY--TOPICAL TERM
Topical Term Post-traumatic stress disorder
Topical Term Post-traumatic stress disorder
700 1# - ADDED ENTRY--PERSONAL NAME
Personal name Stradling, Stephen G.
856 40 - ELECTRONIC LOCATION AND ACCESS
Uniform Resource Identifier http://site.ebrary.com/lib/rucke/Doc?id=10218086

No items available.

© 2026 Rongo University
Contact us: librarian | system librarian | Rongo university